000 00339nam a22001457a 4500
008 221108b ||||| |||| 00| 0 eng d
020 _a9781449637804
041 _aeng
080 _2SEVENTH EDITION
_a61
082 _a61 CAR
100 _a4
101 _aMJK
245 _aEMERGENCY CARE IN THE STREETS
_cCAROLINE'S N
942 _2udc
_cBK
999 _c58791
_d58791